000 01676nam0a22002891 4500
001 rc\4128261
005 20260408084316.0
035 _a(NLR Aleph) 007903584
090 _a8053122
_c8053122
100 _a20130415d1948 |||y0rusy50 ca
101 0 _arus
102 _aRU
105 _aa z |||||
200 1 _aПроект № 204-5 двадцатичетырехквартирного дома
_fРазраб. Гос. архитектурными мастерскими
_gГл. упр. по проектированию жилых зданий. Ком. по делам архитектуры при Совете Министров СССР
210 _aМосква
_cизд-во и тип. Гос. архитектурного изд-ва
_d1948
215 _a8 с. текста, [40] с. черт.
_d(29х44)
225 1 _aСерия типовых проектов
_v№ 204
_iТрехэтажные кирпичные жилые дома (с водопроводом и канализацией)
300 _aАвтор проекта: архит. Я.[!А.] Заболотная
606 _aЖилые здания, кирпичные
_jПроекты и чертежи
_2psbo
606 _aЖилые здания, малоэтажные
_jПроекты и чертежи
_2psbo
701 1 _aЗаболотная
_bА.Ю.
_gАлиса Юльевна
712 0 1 _aСССР
_bГлавное управление по типовому проектированию и массовому строительству
_3RU\NLR\AUTH\8810187915
_9868813
801 0 _aRU
_bNLR
_gpsbo
801 1 _aRU
_bELAR
_2rusmarc
852 _aNLR
_jТ80 Г-9/464
942 _cBOOK
980 _aNB